| 000 | 01134nam a22003255a 4500 | ||
|---|---|---|---|
| 001 | 009696674 | ||
| 003 | OSt | ||
| 005 | 20150811115410.0 | ||
| 008 | 020201s2003 nyu frb 001 0 eng | ||
| 010 | _a 2002022039 | ||
| 020 | _a9780195138689 | ||
| 040 |
_aEG-ScBUE _beng _cEG-ScBUE |
||
| 043 | _af-ua--- | ||
| 082 | 0 | 4 |
_a281.720962 _222 _bHAS |
| 100 | 1 |
_aHassan, Sana. _934312 |
|
| 245 | 1 | 0 |
_aChristians versus Muslims in modern Egypt : _bthe century-long struggle for Coptic equality / _cS.S. Hasan . |
| 260 |
_aNew York ; _aOxford : _bOxford University Press, _cc.2003. |
||
| 300 |
_axvi, 320 p. ; _c24 cm. |
||
| 500 | _aIndex : p. 303-320. | ||
| 504 | _aBibliography : p. 291-302. | ||
| 590 | _aMenna Elemam | ||
| 610 | 2 | 0 |
_aCoptic Church _zEgypt _xHistory _y20th century. _934313 |
| 650 | 0 |
_aChristianity _xIslam. _934315 _2BUEsh |
|
| 650 | 0 |
_aIslam _xRelations _xChristianity. _934316 _2BUEsh |
|
| 651 | 0 |
_aEgypt _xChurch history _y20th century. _934317 _2BUEsh |
|
| 651 | 0 |
_aEgypt _xPolitical science _y1970- . _921949 _2BUEsh |
|
| 653 |
_bBUSBOL _cAugust2015 |
||
| 655 |
_vreading book _934232 |
||
| 942 |
_2ddc _cBB _k281.720962 HAS |
||
| 999 |
_c17715 _d17687 |
||